Sports Quiz

Random Sports or World Quiz
Score 0/20 Timer 04:00
0 Plays Today
Team Player % Correct
Oakland A'sDennis Eckersley
95%
Detroit TigersWillie Hernandez
90%
New York Yankees'Goose' Gossage
88%
Kansas City RoyalsDan Quisenberry
82%
Philadelphia PhilliesTug McGraw
81%
St. Louis CardinalsBruce Sutter
80%
New York MetsJesse Orosco
80%
Boston Red SoxBob Stanley
75%
St. Louis CardinalsTodd Worrell
67%
Minnesota TwinsJeff Reardon
63%
Team Player % Correct
Boston Red SoxCalvin Schiraldi
62%
Los Angeles DodgersSteve Howe
58%
Baltimore OriolesTippy Martinez
58%
Los Angeles DodgersJay Howell
41%
Philadelphia PhilliesAl Holland
37%
Philadelphia PhilliesRon Reed
32%
St. Louis CardinalsKen Dayley
25%
Milwaukee Brewers Bob McClure
22%
San Diego PadresCraig Lefferts
19%
St. Louis CardinalsJeff Lahti
15%
Remove Ads.
Support Sporcle.
Get the best of Sporcle when you Go Orange. This ad-free experience offers more features, more stats, and more fun while also helping to support Sporcle. Thank you for becoming a member.

You're not logged in!

Compare scores with friends on all Sporcle quizzes.
OR
Log In

Show Comments

Extras

Created Jul 28, 2012ReportNominate
Tags:World Quiz, 1980, Player, Save, team

Top Quizzes Today


Score Distribution

Your Account Isn't Verified!

In order to create a playlist on Sporcle, you need to verify the email address you used during registration. Go to your Sporcle Settings to finish the process.

Report this User

Report this user for behavior that violates our Community Guidelines.

Details: